000 00694nam a2200289Ia 4500
005 20260324130705.0
008 008 260324s9999 xx 000 0 eng d
020 _a9780203940792
037 _aEBOOK
040 _aCRL
040 _beng
040 _cCRL
041 _2eng
041 _aeng
084 _qCRL
100 _aColleen G. Boggs
_91182736
245 0 _aTransnationalism and American Literature
245 0 _bLiterary Translation 1773–1892
260 _bTaylor and Francis
260 _c2007
365 _a
365 _b160
856 _uhttp://www.taylorfrancis.com/books/9780203940792
942 _cEBOOK
999 _c1779120
_d1779120